MCQ English Language Teaching Methods/ (Record no. 212229)

MARC details
000 -LEADER
fixed length control field 00678nam a2200229 4500
005 - DATE AND TIME OF LATEST TRANSACTION
control field 20250708123722.0
010 ## - LCCN (DPL NO)
LC control number ENG-145836-837
020 ## - INTERNATIONAL STANDARD BOOK NUMBER
Terms of availability 1195.00
International Standard Book Number 9789395368797
020 ## - INTERNATIONAL STANDARD BOOK NUMBER
Terms of availability 395.00
International Standard Book Number 9789395368858
035 ## - SYSTEM CONTROL NUMBER
System control number EN-129368
035 ## - SYSTEM CONTROL NUMBER
System control number EN-129369
037 ## - SOURCE OF ACQUISITION
Source of stock number/acquisition DBAD
082 ## - DEWEY DECIMAL CLASSIFICATION NUMBER
Classification number 488.007
100 ## - MAIN ENTRY--PERSONAL NAME
Personal name Satyanarayana.P
245 ## - TITLE STATEMENT
Title MCQ English Language Teaching Methods/
Statement of responsibility, etc P.Satyanarayana
260 ## - PUBLICATION, DISTRIBUTION, ETC. (IMPRINT)
Place of publication, distribution, etc Hyderabad
Name of publisher, distributor, etc Neelkamal Publications Pvt. Ltd.
270 ## - ADDRESS
Address Sultan Bazar, Koti, Hyderabad
City Hyderabad
Postal code 500001
300 ## - PHYSICAL DESCRIPTION
Extent 236p.
Dimensions 24.4cm(hb)
300 ## - PHYSICAL DESCRIPTION
Extent 236p.
Dimensions 24.1cm (pb)
700 ## - ADDED ENTRY--PERSONAL NAME
9 (RLIN) 82746
942 ## - ADDED ENTRY ELEMENTS (KOHA)
Source of classification or shelving scheme Dewey Decimal Classification
Item type English Books
Classification part 488.007
Call number suffix Sat
Holdings
Withdrawn status Lost status Not for loan Collection code Home library Current library Date acquired Source of acquisition Cost, normal purchase price Full call number Barcode Cost, replacement price Koha item type
      Non-fiction Central Library Central Library 08/07/2025 DBAD 395.00 488.007 SAT EN-129369 395.00 English Books
      Non-fiction Sarojini Nagar Sarojini Nagar 08/07/2025 DBAD 1195.00 488.007 Sat EN-129368 1195.00 English Books

© Delhi Public Library
Hit Counter
free hit counter